Statistics for Bordering Countries with None of the Same Letters

Click here to take the quiz!

General Stats

  • This quiz has been taken 49 times
    (16 since last reset)
  • The average score is 2 of 10

Answer Stats

Border % Correct
Sudan, Egypt
44%
Peru, Bolivia
44%
Togo, Benin
33%
Peru, Colombia
33%
Yemen, Saudi Arabia
33%
Chad, Niger
33%
Greece, Albania
22%
Kosovo, Albania
0%
Ghana, Cote d'Ivoire
0%
Spain, Morocco
0%

Score Distribution

Percentile by Number Answered

Percent of People with Each Score

Your Score History

You have not taken this quiz since the last reset